| 000 | 00340nam a22001337a 4500 | ||
|---|---|---|---|
| 008 | 171003b xxu||||| |||| 00| 0 eng d | ||
| 020 | _a9781557987914 | ||
| 041 | _aeng | ||
| 080 |
_25TH _a159.9 |
||
| 100 | _a48 | ||
| 101 | _aPSI | ||
| 245 |
_aPUBLICATION MANUAL OF THE AMERICAN PSYCHOLOGICAL ASSOCIATION _cWASHINGTON,DC |
||
| 942 |
_2udc _cBK |
||
| 999 |
_c31525 _d31525 |
||